The Peloponnesian war

Saved in:
Bibliographic Details
Main Author: Kagan, Donald
Format: Book
Language:English
Published: New York Penguin Books 2003
Subjects:
Tags: Add Tag
No Tags, Be the first to tag this record!
Call Number :DF229 .K34 2003

MARC

LEADER 00000pam a2200000 a 4500
001 22285
003 MY-KLNDU
005 20241218080919.0
008 s2003 nyu d a 1 engdc
020 0 0 |a 9780142004371 
020 0 0 |a 0670032115 (hc) 
035 |a 0000036980 
039 9 |a 201002231127  |b rahman  |c 200911181410  |d VLOAD  |c 200911181232  |d VLOAD  |y 200910091721  |z VLOAD 
090 |a DF229  |b .K34 2003 
100 1 0 |a Kagan, Donald 
245 1 4 |a The Peloponnesian war  |c Donald Kagan 
260 |a New York  |b Penguin Books  |c 2003 
300 |a xxvii,511p.  |b ill.,maps  |c 24cm 
504 |a Includes bibliographical references and index 
591 |a 0000007671  |b 13/02/09  |c 0200-07  |d 1  |e RM63.57  |f 1  |g 63.57  |h Pustaka Darul Warisan Sdn. Bhd. 
592 |a 00002290  |b 16/06/09  |c RM71.5  |d 1  |e 71.5 
651 0 |a Greece  |x history  |y Peloponnesian war,431-404 B.C. 
999 |a vtls000032581  |c 22285  |d 22285